Normal view
MARC view
Entry Topical Term
001 - CONTROL NUMBER
- control field: 816549
003 - CONTROL NUMBER IDENTIFIER
- control field: OSt
005 - DATE AND TIME OF LATEST TRANSACTION
- control field: 20250725141003.0
008 - FIXED-LENGTH DATA ELEMENTS
- fixed length control field: 250725|| aca||aabn | a|a d
040 ## - CATALOGING SOURCE
- Original cataloging agency: OSt
- Transcribing agency: OSt
150 ## - HEADING--TOPICAL TERM
- Topical term or geographic name entry element: Arbaic Language
670 ## - SOURCE DATA FOUND
- Source citation: Work cat.: (OSt)1434298: Hakeem, Ramzan Abdul 816548, Fi-al-daras al-laghvi wa al-naqadi, 2022.
